[Event "RUS-chT B4 corr"]
[Site "Russia"]
[Date "1996.??.??"]
[Round "?"]
[White "Baranov, Vladimir Sergeevich"]
[Black "Fatfulin, Evgeny Musherovich"]
[Result "1/2-1/2"]
[WhiteElo "2390"]
[BlackElo "2396"]
[PlyCount "76"]
[EventDate "1996.??.??"]
[EventType "team-tourn (corr)"]
[EventRounds "18"]
[EventCountry "RUS"]
[SourceTitle "Corr 2011"]
[Source "ChessBase"]
[SourceDate "2010.08.31"]
[SourceVersion "1"]
[SourceVersionDate "2010.08.31"]
[SourceQuality "1"]

1. e4 c5 2. Nf3 Nc6 3. Bb5 e6 4. Bxc6 bxc6 5. d3 Ne7 6. h4 h5 7. Bf4 Ng6 8. Bg3 f6 9. e5 fxe5 10. Nxe5 Nxe5 11. Bxe5 d6 12. Bc3 e5 13. Qf3 Qc7 14. Qe4 Be6 15. f4 Kd7 16. Nd2 exf4 17. Qxf4 d5 18. Be5 Bd6 19. Nf3 Rae8 20. Bxd6 Qxd6 21. Ne5+ Kc7 22. 0-0 Bc8 23. Rae1 Rhf8 24. Qg3 Rxf1+ 25. Kxf1 Re7 26. Kg1 Bf5 27. Qf4 g6 28. g3 Re6 29. c3 d4 30. Nf3 Qxf4 31. gxf4 Rxe1+ 32. Nxe1 dxc3 33. bxc3 Kd6 34. Kf2 Kd5 35. Ke3 c4 36. d4 Be4 37. Nf3 Bxf3 38. Kxf3 Kd6 1/2-1/2

[Event "RUS-chT B4 corr"]
[Site "Russia"]
[Date "1996.??.??"]
[Round "?"]
[White "Baranov, Vladimir Sergeevich"]
[Black "Likhoded, Viktor"]
[Result "1-0"]
[WhiteElo "2390"]
[BlackElo "2108"]
[PlyCount "59"]
[EventDate "1996.??.??"]
[EventType "team-tourn (corr)"]
[EventRounds "18"]
[EventCountry "RUS"]
[SourceTitle "Corr 2011"]
[Source "ChessBase"]
[SourceDate "2010.08.31"]
[SourceVersion "1"]
[SourceVersionDate "2010.08.31"]
[SourceQuality "1"]

1. e4 e5 2. Nf3 Nc6 3. d4 exd4 4. Nxd4 Bc5 5. Be3 Qf6 6. c3 Nge7 7. Qa4 d6 8. Nxc6 Nxc6 9. Bxc5 dxc5 10. Qb5 b6 11. Nd2 0-0 12. 0-0-0 a6 13. Qe2 b5 14. Qe3 c4 15. f4 Bg4 16. Re1 Qe7 17. h3 Be6 18. g4 f6 19. Rg1 a5 20. g5 a4 21. gxf6 Rxf6 22. Rg5 Rb8 23. Bg2 Rb6 24. a3 Rf8 25. Rg1 Kh8 26. e5 Na5 27. Be4 g6 28. h4 Bf5 29. h5 h6 30. hxg6 1-0